Österreichische Sehenswürdigkeiten - Sudden Death - Statistiken

Allgemein
  • Dieses Quiz wurde 42 mal gespielt
  • Das Durchschnittsergebnis liegt bei 3 aus 17
Answers on the Grid
Answers color-coded by a green-red scale on the quiz's grid according to % correct below.
 
Antwortstatistiken
Antwort % Korrekt
Schloss Belvedere, Wien
45%
Wiener Riesenrad, Wien
42%
Dürnstein, Niederösterreich
32%
Hallstatt, Oberösterreich
26%
Bergiselschanze, Tirol
26%
Salzburger Innenstadt, Salzburg
23%
Wallfahrtskirche Mariazell, Steiermark
23%
Krimmler Wasserfälle, Salzburg
19%
Aussichtsturm Pyramidenkogel, Kärnten
19%
Martinsturm in Bregenz, Vorarlberg
16%
Heiligenblut und Großglockner, Kärnten
16%
Riegersburg, Steiermark
10%
Grüner See, Steiermark
10%
Rattenberg, Tirol
10%
Schlögener Schlinge, Oberösterreich
6%
Mörbischer Seebühne, Burgenland
6%
Carnuntum, Niederösterreich
3%
Keine übereinstimmenden Quizze gefunden
Verteilung der Resultate
Anzahl Personen mit jedem Resultat
Perzentil nach korrekt beantworteten Fragen
Ihre Resultats-Entwicklung
Sie haben dieses Quiz noch nicht gespielt